000 00609nam a2200193 i 4500
001 117841
003 ES-MaACL
005 20251015063120.0
007 t|
008 070214s1960 sp r ||||1| spa d
080 _a821.131.1-94"19"
100 1 _aPapini, Giovanni,
_d1881-1956
_988874
245 1 0 _aSegundo nacimiento /
_cGiovanni Papini ; traducción del italiano por Jesús López Pacheco.
260 _aMadrid :
_bAguilar,
_c1960.
300 _a310 p. ;
_c22 cm.
700 1 _aLópez Pacheco, Jesús,
_d1930-1997
_973855
852 _aES-MaACL
_jC-18887
_bR.46992
999 _c117841
_d117841